Ethics: Learning to live / (Record no. 1084)
| 000 -LEADER | |
|---|---|
| fixed length control field | 00820nam a22001937a 4500 |
| 003 - CONTROL NUMBER IDENTIFIER | |
| control field | OSt |
| 005 - DATE AND TIME OF LATEST TRANSACTION | |
| control field | 20140116120845.0 |
| 008 - FIXED-LENGTH DATA ELEMENTS--GENERAL INFORMATION | |
| fixed length control field | 130107b xxu||||| |||| 00| 0 eng d |
| 020 ## - INTERNATIONAL STANDARD BOOK NUMBER | |
| International Standard Book Number | 9966010440 |
| 050 ## - LIBRARY OF CONGRESS CALL NUMBER | |
| Classification number | BJ1012.D43 2006 |
| 100 ## - MAIN ENTRY--PERSONAL NAME | |
| Personal name | Debeljuh, Patricia. |
| 245 ## - TITLE STATEMENT | |
| Title | Ethics: Learning to live / |
| Statement of responsibility, etc | Patricia Debeljuh; translated and adapted by Catherine Dean. |
| 260 ## - PUBLICATION, DISTRIBUTION, ETC. (IMPRINT) | |
| Place of publication, distribution, etc | Nairobi: |
| Name of publisher, distributor, etc | Focus Publishers Ltd., |
| Date of publication, distribution, etc | 2006. |
| 300 ## - PHYSICAL DESCRIPTION | |
| Extent | 268p. |
| 504 ## - BIBLIOGRAPHY, ETC. NOTE | |
| Bibliography, etc | Includes bibliographical references and index. |
| 505 ## - FORMATTED CONTENTS NOTE | |
| Formatted contents note | Introduction to philosophical ethics -- Ethical positions throughout history -- Anthropological foundations for a personalist ethics -- The desire for happiness and morality -- Criterion for the moral judgement of human human acts -- The study of virtues. |
| 650 ## - SUBJECT ADDED ENTRY--TOPICAL TERM | |
| Topical term or geographic name as entry element | Ethics |
| 942 ## - ADDED ENTRY ELEMENTS (KOHA) | |
| Source of classification or shelving scheme | |
| Koha item type | Book |
| Withdrawn status | Lost status | Source of classification or shelving scheme | Damaged status | Not for loan | Home library | Current library | Date acquired | Total Checkouts | Total Renewals | Full call number | Barcode | Date last seen | Date checked out | Copy number | Price effective from | Koha item type |
|---|---|---|---|---|---|---|---|---|---|---|---|---|---|---|---|---|
| Riara University Library | Riara University Library | 07/01/2013 | 15 | 1 | BJ1012.D43 2006 | 3707/12 | 03/12/2019 | 23/10/2019 | C.1 | 07/01/2013 | Book | |||||
| Riara University Library | Riara University Library | 07/01/2013 | 17 | 4 | BJ1012.D43 2006 | 3708/12 | 30/11/2019 | 23/10/2019 | C.2 | 07/01/2013 | Book | |||||
| Riara University Library | Riara University Library | 07/01/2013 | 21 | 2 | BJ1012.D43 2006 | 3709/12 | 06/03/2017 | 14/09/2016 | C.3 | 07/01/2013 | Book | |||||
| Riara University Library | Riara University Library | 01/03/2013 | 21 | 2 | BJ1012.D43 2006 | 3969/13 | 28/02/2020 | 03/12/2019 | C.4 | 01/03/2013 | Book |
